书目信息 |
| 题名: |
心理学改变生活
|
|
| 作者: | 达菲 , 阿特沃特 著 ;张莹 , 丁云峰 , 杨洋 译 | |
| 分册: | ||
| 出版信息: | 北京 世界图书出版公司 2006.07 |
|
| 页数: | 528页 | |
| 开本: | 23cm | |
| 丛书名: | ||
| 单 册: | ||
| 中图分类: | B84-49 | |
| 科图分类: | ||
| 主题词: | 心理学--xin li xue--通俗读物 | |
| 电子资源: | ||
| ISBN: | 978-7-5062-8143-0 | |
| 000 | 01280nam0 2200301 450 | |
| 001 | 012008164403 | |
| 005 | 20080504102323.90 | |
| 010 | @a978-7-5062-8143-0@dCNY45.00 | |
| 100 | @a20080429d2006 em y0chiy0120 ea | |
| 101 | 1 | @achi@ceng |
| 102 | @aCN@b110000 | |
| 105 | @aa z 000yy | |
| 106 | @ar | |
| 200 | 1 | @a心理学改变生活@Axin li xue gai bian sheng huo@d= Psychology for living@f(美) 卡伦·达菲, 伊斯特伍德·阿特沃特著@F(mei)ka lun·da fei,yi si te wu de·a te wo te zhu@g张莹, 丁云峰, 杨洋译@Gzhang ying,ding yun feng,yang yang yi@zeng |
| 210 | @a北京@c世界图书出版公司@d2006.07 | |
| 215 | @a528页@c图@d23cm | |
| 305 | @a根据原书第8版译出 | |
| 330 | @a本书共16章。第一章是自我导向和社会变化。第二大部分涉及到发展问题或“形成状态”。第三部分探讨了在目前或“存在”状态下的个体。接下来的部分探讨了调节与成长的问题的社会层面。然后还讨论了关于更加亲密的关系的内容。 | |
| 510 | 1 | @aPsychology for living@zeng |
| 606 | 0 | @a心理学@Axin li xue@j通俗读物 |
| 690 | @aB84-49@v4 | |
| 701 | 1 | @a达菲@Ada fei@g(Duffy, Karen G.)@4著 |
| 701 | 1 | @a阿特沃特@Aa te wo te@g(Atwater, Eastwood)@4著 |
| 702 | 0 | @a张莹@Azhang ying@4译 |
| 702 | 0 | @a丁云峰@Ading yun feng@4译 |
| 702 | 0 | @a杨洋@Ayang yang@4译 |
| 801 | 0 | @aCN@bQSSK@c20080504 |
| 905 | @b299406@dB84-49@eD05@f1 | |
| 心理学改变生活= Psychology for living/(美) 卡伦·达菲, 伊斯特伍德·阿特沃特著/张莹, 丁云峰, 杨洋译.-北京:世界图书出版公司,2006.07 |
| 528页:图;23cm |
| ISBN 978-7-5062-8143-0:CNY45.00 |
| 本书共16章。第一章是自我导向和社会变化。第二大部分涉及到发展问题或“形成状态”。第三部分探讨了在目前或“存在”状态下的个体。接下来的部分探讨了调节与成长的问题的社会层面。然后还讨论了关于更加亲密的关系的内容。 |
| ● |
| 相关链接 |
|
|
|
正题名:心理学改变生活
索取号:B84-49/D05
 
预约/预借
| 序号 | 登录号 | 条形码 | 馆藏地/架位号 | 状态 | 备注 |
| 1 | 299406 | 202994064 | 社科库509/509社科库 35排1列4层/ [索取号:B84-49/D05] | 在馆 |